| 000 | 00000nam##2200000za#4500 |
| 001 | 9.698937 |
| 003 | CaOODSP |
| 005 | 20210625000145 |
| 007 | cr ||||||||||| |
| 008 | 150407|2008||||xxc|||||o f|0| 0 eng|d |
| 040 | |aCaOODSP|beng |
| 043 | |an-cn--- |
| 086 | 1 |aIu92-4/30-2008E-PDF |
| 110 | 1 |aCanada. |bWestern Economic Diversification Canada. |
| 245 | 10|aEvaluation of the Community Futures program in Western Canada / |h[electronic resource]|c[by] Audit, Evaluation & Disclosure Branch. |
| 260 | |aOttawa - Ontario : |bWestern Economic Diversification Canada |cNovember 2008. |
| 300 | |a83p.|bfigs., graphs, tables |
| 590 | |a14-05-Supp|b2014-02-26 |
| 690 | 07|aWestern provinces|2gcpds |
| 690 | 07|aFederal programs|2gcpds |
| 775 | 08|tÉvaluation du Programme de développement des collectivités dans l'Ouest du Canada / |w(CaOODSP)9.642933 |
| 856 | 40|ahttp://publications.gc.ca|qPDF|s349 KB|uhttps://publications.gc.ca/collections/collection_2014/deo-wd/Iu92-4-30-2008-eng.pdf |